00357cam a22001217a 4500008004000000020001500040082001800055100002100073245007300094260002800167300001000195650003000205180718b2004 xxu||||| |||| 00| 0 eng d a0670057657 aA99/K527 G151 aGandhi, Rajmohan aGhaffar Khan: nonviolent badshah of the Pakhtunscby Rajmohan Gandhi aNew DelhibVikingc2004 a300p. aKhan, Ghaffar - Biography